[Event "Faxe Dags op"]
[Site "Faxe"]
[Date "2017.05.03"]
[Round "5"]
[White "Heidelbach, John"]
[Black "Laursen, Kurt Kjaer"]
[Result "1-0"]
[WhiteElo "1884"]
[BlackElo "1718"]
[PlyCount "73"]
[EventDate "2017.04.05"]
[EventType "swiss"]
[EventRounds "7"]
[EventCountry "DEN"]
[SourceTitle "EXT 2021"]
[Source "ChessBase"]
[SourceDate "2020.10.23"]
[SourceVersion "1"]
[SourceVersionDate "2020.10.23"]
[SourceQuality "1"]

1. c4 c5 2. Nf3 Nc6 3. g3 Nf6 4. Bg2 e6 5. 0-0 Be7 6. Nc3 0-0 7. d4 cxd4 8. Nxd4 a6 9. e4 Nxd4 10. Qxd4 Qc7 11. b3 d6 12. Bb2 Rb8 13. Rac1 Bd7 14. h3 Rfd8 15. Rfd1 Bc6 16. a3 Rbc8 17. Qe3 Bd7 18. Ne2 Ne8 19. Bd4 Qb8 20. Bb6 Nc7 21. Rc2 Be8 22. Rcd2 Rd7 23. Ba7 Qa8 24. Bd4 f6 25. h4 e5 26. Bb2 Bf7 27. Nc3 Rcd8 28. Na4 Be8 29. Nb6 Qa7 30. Bh3 Na8 31. Nxd7 Qxe3 32. fxe3 Bxd7 33. Bxd7 Rxd7 34. c5 Kf7 35. Bc3 Rc7 36. cxd6 Bxd6 37. Ba5 1-0

[Event "Faxe Dags op"]
[Site "Faxe"]
[Date "2017.04.26"]
[Round "4"]
[White "Laursen, Kurt Kjaer"]
[Black "Pedersen, Kim1111"]
[Result "1/2-1/2"]
[WhiteElo "1718"]
[BlackElo "1685"]
[PlyCount "43"]
[EventDate "2017.04.05"]
[EventType "swiss"]
[EventRounds "7"]
[EventCountry "DEN"]
[SourceTitle "EXT 2021"]
[Source "ChessBase"]
[SourceDate "2020.10.23"]
[SourceVersion "1"]
[SourceVersionDate "2020.10.23"]
[SourceQuality "1"]

1. d4 Nf6 2. c4 g6 3. Nc3 Bg7 4. Nf3 d6 5. e3 0-0 6. Be2 Nbd7 7. 0-0 a6 8. a4 b6 9. Qc2 Bb7 10. b3 c6 11. Bb2 e5 12. Rad1 Qc7 13. Rd2 Rfe8 14. dxe5 dxe5 15. Ng5 h6 16. Nge4 Re6 17. Rfd1 Rd8 18. Nxf6+ Bxf6 19. Bg4 Re7 20. Ne4 Bg7 21. Nd6 Ba8 22. Bxd7 1/2-1/2

[Event "Faxe Dags op"]
[Site "Faxe"]
[Date "2017.04.19"]
[Round "3"]
[White "Nielsen, Per Henrik Axel"]
[Black "Laursen, Kurt Kjaer"]
[Result "1-0"]
[WhiteElo "1975"]
[BlackElo "1718"]
[PlyCount "73"]
[EventDate "2017.04.05"]
[EventType "swiss"]
[EventRounds "7"]
[EventCountry "DEN"]
[SourceTitle "EXT 2021"]
[Source "ChessBase"]
[SourceDate "2020.10.23"]
[SourceVersion "1"]
[SourceVersionDate "2020.10.23"]
[SourceQuality "1"]

1. Nf3 d5 2. g3 Nc6 3. d4 Nf6 4. Bg2 g6 5. b3 Bg7 6. Bb2 0-0 7. 0-0 Re8 8. c4 e6 9. e3 b6 10. Nbd2 a5 11. a3 Bb7 12. Qc2 Rc8 13. Rfd1 Ne7 14. Rac1 dxc4 15. bxc4 c6 16. e4 Qc7 17. e5 Nd7 18. Ne4 Rcd8 19. Nd6 Rf8 20. Nd2 Nc8 21. Nxb7 Qxb7 22. Ne4 Qc7 23. c5 b5 24. Nd6 Ne7 25. Qe2 Ra8 26. Re1 Nb8 27. Nxb5 Qd7 28. Nd6 Na6 29. Bc3 Nc7 30. Rb1 Ra7 31. Rb2 Ned5 32. Bd2 Rfa8 33. Reb1 Qd8 34. h4 Ne8 35. Bg5 Qc7 36. Rb7 Nc3 37. Qc2 1-0